[Translatologie in der Praxis (Wirtschaftsdeutsch)]
Recenzia na vysokoškolskú učebnicu autorky K. Seresovej. Je základným materiálom predmetu "Prekladateľstvo a tlmočenie" v teórii a praxi. Je určená študentom študijného programu Cudzie jazyky a interkultúrna komunikácia na Ekonomickej univerzite v Bratislave.
Saved in:
| Main Author: | |
|---|---|
| Format: | Book Chapter |
| Language: | Slovak |
| Subjects: | |
| Tags: |
No Tags, Be the first to tag this record!
|
MARC
| LEADER | 00000nla$a2200000$$$4500 | ||
|---|---|---|---|
| 001 | 0111927 | ||
| 005 | 20240502072236.6 | ||
| 041 | 0 | |a slo | |
| 044 | |a SK | ||
| 245 | 1 | 0 | |a [Translatologie in der Praxis (Wirtschaftsdeutsch)] |c Lívia Adamcová |
| 520 | |a Recenzia na vysokoškolskú učebnicu autorky K. Seresovej. Je základným materiálom predmetu "Prekladateľstvo a tlmočenie" v teórii a praxi. Je určená študentom študijného programu Cudzie jazyky a interkultúrna komunikácia na Ekonomickej univerzite v Bratislave. | ||
| 610 | 2 | 0 | |a jazyky cudzie |
| 610 | 2 | 0 | |a nemčina |
| 610 | 2 | 0 | |a ekonómia |
| 610 | 2 | 0 | |a recenzie |
| 100 | 1 | |a Adamcová, Lívia | |